| 000 | 00645nam a2200253Ia 4500 | ||
|---|---|---|---|
| 003 | OSt | ||
| 005 | 20221006144010.0 | ||
| 006 | a|||||r|||| 00| 0 | ||
| 007 | ta | ||
| 008 | 221006b |||||||| |||| 00| 0 eng d | ||
| 020 | _cP7.95 | ||
| 024 | _a10,615 | ||
| 037 | _cTextual | ||
| 040 |
_aEASL _cEASL _beng |
||
| 041 |
_2eng _aeng |
||
| 082 | _aW691xM18, M1 | ||
| 100 | _aMEHRING Franz | ||
| 245 | 0 |
_aKarl Marx _b The story of his life |
|
| 260 |
_aNew Jersey _bHumanities Press _c1981 |
||
| 300 |
_a575p. _ccm. |
||
| 490 | _v Oth | ||
| 942 |
_hW691xM18, M1 _cTEXL _2CC |
||
| 999 |
_c1078701 _d1078701 |
||